000 00323nam a2200133Ia 4500
005 20260326235453.0
008 260326s9999||||xx |||||||||||||| ||und||
100 _aGloag, John
245 0 _aGuide to Western Architecture /
_cJohn Gloag
260 _bSpring Books
300 _a407 p.
650 _aARQUITECTURA
942 _cBK
999 _c7833
_d7833